[Event "Naujac op 17th"]
[Site "Naujac"]
[Date "2014.07.06"]
[Round "9"]
[White "Voogt, Jonathan"]
[Black "Sasu Ducsoara, Adrian"]
[Result "1-0"]
[WhiteElo "1946"]
[BlackElo "2138"]
[PlyCount "125"]
[EventDate "2014.06.29"]
[EventType "swiss"]
[EventRounds "9"]
[EventCountry "FRA"]
[SourceTitle "CBM 161 Extra"]
[Source "ChessBase"]
[SourceDate "2014.08.29"]
[SourceVersion "1"]
[SourceVersionDate "2014.08.29"]
[SourceQuality "1"]

1. d4 Nf6 2. c4 e6 3. Nf3 b6 4. Nc3 Bb4 5. Qc2 Bb7 6. Bd2 0-0 7. e3 c5 8. dxc5 bxc5 9. Bd3 h6 10. 0-0 d6 11. Rfd1 Qe7 12. a3 Bxc3 13. Bxc3 Rd8 14. Rac1 Nbd7 15. b3 Nf8 16. Bb2 a5 17. Nd2 Bc6 18. Qc3 Qb7 19. f3 Rdb8 20. Bc2 a4 21. Ne4 Bxe4 22. Bxe4 d5 23. cxd5 Qxb3 24. Qxb3 Rxb3 25. Bxf6 gxf6 26. dxe6 Ra7 27. exf7+ Rxf7 28. Bd5 Rxe3 29. Bxf7+ Kxf7 30. Rxc5 Rxa3 31. Ra5 Ne6 32. Rd7+ Kg6 33. Rda7 Ra1+ 34. Kf2 Ra2+ 35. Kg3 h5 36. Rxa4 Rd2 37. Ra2 Rd5 38. h3 Nd4 39. Kf2 Ne6 40. g3 h4 41. gxh4 Nf4 42. R7a4 Rf5 43. Kg3 Nh5+ 44. Kg2 Nf4+ 45. Kh2 Nd3 46. Rg4+ Kf7 47. Ra7+ Ke6 48. Re4+ Ne5 49. Kg2 Kd6 50. Ra6+ Kc7 51. Rxf6 Rxf6 52. Rxe5 Kd6 53. Ra5 Rg6+ 54. Kf2 Rg8 55. Rg5 Rh8 56. Kg3 Ke6 57. Kg4 Kf6 58. f4 Kf7 59. h5 Kf6 60. Rg6+ Ke7 61. Kg5 Kf7 62. h6 Ke8 63. Rg7 1-0

[Event "Naujac op 17th"]
[Site "Naujac"]
[Date "2014.07.05"]
[Round "8"]
[White "Sasu Ducsoara, Adrian"]
[Black "Van Dommelen, Martin"]
[Result "0-1"]
[WhiteElo "2138"]
[BlackElo "2137"]
[PlyCount "68"]
[EventDate "2014.06.29"]
[EventType "swiss"]
[EventRounds "9"]
[EventCountry "FRA"]
[SourceTitle "CBM 161 Extra"]
[Source "ChessBase"]
[SourceDate "2014.08.29"]
[SourceVersion "1"]
[SourceVersionDate "2014.08.29"]
[SourceQuality "1"]

1. e4 c5 2. Nc3 a6 3. f4 b5 4. g3 Bb7 5. Bg2 e6 6. Nh3 Nf6 7. Nf2 d5 8. e5 Ng8 9. Ne2 Nc6 10. c3 Nge7 11. d4 cxd4 12. cxd4 Nf5 13. g4 Nh4 14. Bh3 Bb4+ 15. Kf1 Qb6 16. Qd3 Be7 17. a3 a5 18. Be3 Ba6 19. Bg2 b4 20. Qd2 a4 21. Nd3 Qb5 22. Ndc1 f6 23. Kf2 0-0 24. Kg3 Nxg2 25. Kxg2 bxa3 26. bxa3 Na5 27. Nc3 Qc6 28. Ra2 fxe5 29. fxe5 Nc4 30. Qe1 Rac8 31. Nb1 Nxe5 32. Qg3 Ng6 33. g5 Bd6 34. Qg4 Bf4 0-1

[Event "EU-ch Seniors 65 Rapid"]
[Site "Porto"]
[Date "2014.03.19"]
[Round "4"]
[White "Gruzmann, Boris"]
[Black "Sasu Ducsoara, Adrian"]
[Result "1-0"]
[WhiteElo "2159"]
[BlackElo "2170"]
[PlyCount "53"]
[EventDate "2014.03.19"]
[EventType "swiss (rapid)"]
[EventRounds "9"]
[EventCountry "POR"]
[SourceTitle "EXT 2015"]
[Source "ChessBase"]
[SourceDate "2014.11.20"]
[SourceVersion "1"]
[SourceVersionDate "2014.11.20"]
[SourceQuality "1"]

1. e4 d5 2. exd5 Qxd5 3. Nc3 Qd6 4. d4 Nf6 5. Bc4 c6 6. Nge2 Nbd7 7. Bf4 e5 8. dxe5 Nxe5 9. Qxd6 Bxd6 10. Bb3 Be6 11. Bxe6 fxe6 12. 0-0-0 Ke7 13. Rxd6 Kxd6 14. Rd1+ Ke7 15. Bxe5 Rad8 16. Rxd8 Rxd8 17. f3 b5 18. Ng3 b4 19. Nce4 Rd5 20. Bf4 h6 21. b3 a6 22. Bd2 a5 23. c3 c5 24. Kc2 Nd7 25. Be3 g5 26. c4 Rf5 27. Nxf5+ 1-0

[Event "EU-ch Seniors 65 Rapid"]
[Site "Porto"]
[Date "2014.03.19"]
[Round "3"]
[White "Sasu Ducsoara, Adrian"]
[Black "Grabow, Pouelsten Holm"]
[Result "1-0"]
[WhiteElo "2170"]
[BlackElo "2095"]
[PlyCount "81"]
[EventDate "2014.03.19"]
[EventType "swiss (rapid)"]
[EventRounds "9"]
[EventCountry "POR"]
[SourceTitle "EXT 2015"]
[Source "ChessBase"]
[SourceDate "2014.11.20"]
[SourceVersion "1"]
[SourceVersionDate "2014.11.20"]
[SourceQuality "1"]

1. e4 e6 2. d4 d5 3. Nc3 Nf6 4. Bg5 Be7 5. e5 Nfd7 6. h4 Nc6 7. Qg4 f6 8. Bf4 fxe5 9. dxe5 Ndxe5 10. Qxg7 Bf6 11. Qg3 Kf7 12. Be2 Qe7 13. Bh5+ Ng6 14. Nf3 d4 15. Ne4 Qb4+ 16. Bd2 Qe7 17. 0-0-0 e5 18. Rde1 Bf5 19. Nxf6 Qxf6 20. Nxe5+ Ncxe5 21. Rxe5 Rhe8 22. Rhe1 Rxe5 23. Rxe5 Re8 24. Rxe8 Kxe8 25. Qxc7 Qe6 26. Qb8+ Qc8 27. Qe5+ Kf7 28. c3 d3 29. Bg5 Kg8 30. Qd5+ Kg7 31. g4 Bxg4 32. Qd4+ Kg8 33. Bxg4 Qe8 34. Qd5+ Kg7 35. Qxb7+ Kg8 36. Qd5+ Kg7 37. Be6 Qa4 38. Qd4+ Qxd4 39. cxd4 h6 40. Bd8 Nf4 41. d5 1-0

[Event "Wch Seniors 23rd"]
[Site "Opatija"]
[Date "2013.11.23"]
[Round "11"]
[White "Piasetski, Leon David"]
[Black "Sasu Ducsoara, Adrian"]
[Result "1-0"]
[WhiteElo "2288"]
[BlackElo "2176"]
[PlyCount "63"]
[EventDate "2013.11.12"]
[EventType "swiss"]
[EventRounds "11"]
[EventCountry "CRO"]
[SourceTitle "CBM 157 Extra"]
[Source "ChessBase"]
[SourceDate "2013.12.19"]
[SourceVersion "1"]
[SourceVersionDate "2013.12.19"]
[SourceQuality "1"]

1. c4 e5 2. Nc3 Nf6 3. Nf3 Nc6 4. d3 Bb4 5. Bd2 a5 6. a3 Bc5 7. e3 d6 8. Be2 0-0 9. 0-0 h6 10. Na4 e4 11. Ne1 exd3 12. Nxd3 Ne4 13. Naxc5 dxc5 14. Be1 b6 15. Nf4 Bd7 16. f3 Nd6 17. Nd5 Be6 18. Bg3 Bxd5 19. cxd5 Ne7 20. e4 f6 21. Qc2 Qd7 22. a4 Rad8 23. Rad1 Kh8 24. Rd2 g5 25. e5 Ndf5 26. exf6 Nxd5 27. Be5 Qe6 28. Qe4 Nxf6 29. Rxd8 Rxd8 30. Bc4 Qe7 31. Qxf5 Kg7 32. f4 1-0

[Event "Wch Seniors 23rd"]
[Site "Opatija"]
[Date "2013.11.22"]
[Round "10"]
[White "Sasu Ducsoara, Adrian"]
[Black "Barle, Janez"]
[Result "1-0"]
[WhiteElo "2176"]
[BlackElo "2356"]
[PlyCount "111"]
[EventDate "2013.11.12"]
[EventType "swiss"]
[EventRounds "11"]
[EventCountry "CRO"]
[SourceTitle "CBM 157 Extra"]
[Source "ChessBase"]
[SourceDate "2013.12.19"]
[SourceVersion "1"]
[SourceVersionDate "2013.12.19"]
[SourceQuality "1"]

1. e4 c5 2. Nf3 Nc6 3. d4 cxd4 4. Nxd4 g6 5. c4 Bg7 6. Be3 Nh6 7. Nc3 0-0 8. Be2 f5 9. 0-0 f4 10. Nxc6 bxc6 11. Bd4 d6 12. Bxg7 Kxg7 13. Qd4+ e5 14. Qd2 Nf7 15. c5 dxc5 16. Qxd8 Rxd8 17. Na4 Rd2 18. Rfe1 Ng5 19. f3 Ne6 20. Rad1 Rd4 21. b3 Bd7 22. Rc1 Rd2 23. Nxc5 Nd4 24. Bc4 Be8 25. a4 a5 26. Red1 Rxd1+ 27. Rxd1 Bf7 28. Bxf7 Kxf7 29. Kf2 g5 30. Rc1 Ke7 31. Rc3 Rb8 32. Ke1 h5 33. h3 Kd6 34. Kf2 Rb6 35. Kf1 Rb8 36. Kf2 Ra8 37. Nb7+ Kc7 38. Nc5 Rg8 39. Nd3 Kd6 40. Nc5 Rg7 41. Kf1 Rf7 42. Kf2 Rh7 43. Nd3 g4 44. hxg4 hxg4 45. fxg4 f3 46. gxf3 Rh2+ 47. Kf1 Nxf3 48. Nf2 Ng5 49. Kg1 Rh8 50. Kg2 Rf8 51. Rc4 Rb8 52. Rc3 Rb4 53. Rg3 Nxe4 54. Nxe4+ Rxe4 55. g5 Re1 56. g6 1-0

[Event "Wch Seniors 23rd"]
[Site "Opatija"]
[Date "2013.11.20"]
[Round "8"]
[White "Sasu Ducsoara, Adrian"]
[Black "Andersson, Kaj Ake"]
[Result "1-0"]
[WhiteElo "2176"]
[BlackElo "2062"]
[PlyCount "63"]
[EventDate "2013.11.12"]
[EventType "swiss"]
[EventRounds "11"]
[EventCountry "CRO"]
[SourceTitle "CBM 157 Extra"]
[Source "ChessBase"]
[SourceDate "2013.12.19"]
[SourceVersion "1"]
[SourceVersionDate "2013.12.19"]
[SourceQuality "1"]

1. e4 c5 2. Nf3 d6 3. d4 cxd4 4. Nxd4 Nf6 5. Nc3 a6 6. g3 e5 7. Nb3 Be6 8. Bg2 b5 9. 0-0 Nbd7 10. a4 b4 11. Nd5 Nxd5 12. exd5 Bf5 13. Qe2 Qc7 14. Nd4 Bg6 15. f4 Qc5 16. Be3 Be7 17. Nf5 Qc7 18. Nxe7 Bxc2 19. Rac1 b3 20. fxe5 Nxe5 21. Nc6 Bd3 22. Nxe5 Bxe2 23. Rxc7 Bxf1 24. Kxf1 dxe5 25. d6 Rd8 26. Bc6+ Kf8 27. Bc5 f5 28. Bd5 g6 29. Rf7+ Ke8 30. Re7+ Kf8 31. d7 e4 32. Rxh7# 1-0

[Event "Wch Seniors 23rd"]
[Site "Opatija"]
[Date "2013.11.15"]
[Round "4"]
[White "Sasu Ducsoara, Adrian"]
[Black "Hocevar, Nikola"]
[Result "1/2-1/2"]
[WhiteElo "2176"]
[BlackElo "1996"]
[PlyCount "109"]
[EventDate "2013.11.12"]
[EventType "swiss"]
[EventRounds "11"]
[EventCountry "CRO"]
[SourceTitle "CBM 157 Extra"]
[Source "ChessBase"]
[SourceDate "2013.12.19"]
[SourceVersion "1"]
[SourceVersionDate "2013.12.19"]
[SourceQuality "1"]

1. e4 c5 2. b3 Nc6 3. Bb2 d6 4. f4 e6 5. Nf3 Nf6 6. Nc3 Be7 7. Bb5 0-0 8. e5 Nd5 9. Bxc6 bxc6 10. exd6 Bf6 11. g3 Ba6 12. Ne5 Bxe5 13. fxe5 f6 14. Ne4 fxe5 15. Qg4 Rf5 16. 0-0-0 h5 17. Qh3 Be2 18. Rde1 Bg4 19. Qg2 Bf3 20. Qh3 Bxh1 21. Rxh1 Nf6 22. d3 Nxe4 23. dxe4 Qg5+ 24. Kb1 Rf6 25. Rd1 Rd8 26. Qg2 Rd7 27. Qe2 Qg4 28. Qxg4 hxg4 29. Bxe5 Rf2 30. Bf4 Re2 31. e5 g5 32. Bxg5 Rxe5 33. Be7 Kf7 34. Rf1+ Rf5 35. Re1 Rxe7 36. dxe7 Kxe7 37. Re4 Rf2 38. Rxg4 Rxh2 39. Rg7+ Kf6 40. Rxa7 Rg2 41. Ra5 c4 42. Rc5 cxb3 43. axb3 Rxg3 44. Rxc6 Ke5 45. b4 Kd5 46. b5 e5 47. c4+ Kd4 48. Kc2 e4 49. b6 Rg2+ 50. Kb3 Rg1 51. Kb2 Rg2+ 52. Ka3 Rg1 53. b7 Rb1 54. Rc7 e3 55. Re7 1/2-1/2

[Event "Wch Seniors 22nd"]
[Site "Kamena Vourla"]
[Date "2012.11.19"]
[Round "7"]
[White "Sasu Ducsoara, Adrian"]
[Black "Morriss, Pete R"]
[Result "0-1"]
[WhiteElo "2170"]
[BlackElo "1982"]
[PlyCount "72"]
[EventDate "2012.11.13"]
[EventType "swiss"]
[EventRounds "11"]
[EventCountry "GRE"]
[SourceTitle "CBM 151 Extra"]
[Source "ChessBase"]
[SourceDate "2012.12.18"]
[SourceVersion "1"]
[SourceVersionDate "2012.12.18"]
[SourceQuality "1"]

1. e4 c6 2. d4 d5 3. e5 c5 4. c3 Nc6 5. h3 Bf5 6. Nf3 e6 7. Be2 cxd4 8. cxd4 Bb4+ 9. Kf1 Rc8 10. a3 Ba5 11. Be3 Nge7 12. b4 Bb6 13. Qd2 Be4 14. Nc3 Nf5 15. Nb5 a6 16. g4 Nxe3+ 17. fxe3 axb5 18. Rh2 0-0 19. Kg1 f6 20. exf6 Rxf6 21. Ng5 Qd6 22. Nxe4 dxe4 23. Rd1 Rcf8 24. Qe1 Bc7 25. Rg2 Rh6 26. h4 Rhf6 27. g5 R6f7 28. Bh5 g6 29. Bg4 Ne7 30. h5 Nd5 31. h6 Rf1+ 32. Qxf1 Rxf1+ 33. Rxf1 Nxe3 34. Rf6 Nxg2 35. Bxe6+ Kh8 36. Kxg2 Bd8 0-1

[Event "Wch Seniors 22nd"]
[Site "Kamena Vourla"]
[Date "2012.11.16"]
[Round "4"]
[White "Sasu Ducsoara, Adrian"]
[Black "Karasev, Vladimir I"]
[Result "0-1"]
[WhiteElo "2170"]
[BlackElo "2376"]
[PlyCount "66"]
[EventDate "2012.11.13"]
[EventType "swiss"]
[EventRounds "11"]
[EventCountry "GRE"]
[SourceTitle "CBM 151 Extra"]
[Source "ChessBase"]
[SourceDate "2012.12.18"]
[SourceVersion "1"]
[SourceVersionDate "2012.12.18"]
[SourceQuality "1"]

1. e4 c5 2. b3 Nc6 3. Bb2 e5 4. f4 exf4 5. Nf3 Nf6 6. e5 Ng4 7. Bc4 Be7 8. Qe2 0-0 9. h3 d5 10. hxg4 dxc4 11. Qe4 h6 12. Qxf4 cxb3 13. axb3 Nb4 14. Na3 Qd3 15. Kd1 Qg6 16. g5 h5 17. Bc3 Bg4 18. Bxb4 cxb4 19. Nc4 Bxg5 20. Qd4 Rac8 21. Ra2 Qf5 22. Rf1 Rfd8 23. Nd6 Qg6 24. Kc1 Be7 25. Nxc8 Bxc8 26. Qf2 Be6 27. Rd1 Bxb3 28. Rb2 Bxc2 29. Rxc2 b3 30. Ne1 bxc2 31. Nxc2 Rc8 32. d3 Qg5+ 33. Rd2 Bb4 0-1

[Event "Wch Seniors 22nd"]
[Site "Kamena Vourla"]
[Date "2012.11.14"]
[Round "2"]
[White "Jansa, Vlastimil"]
[Black "Sasu Ducsoara, Adrian"]
[Result "0-1"]
[WhiteElo "2451"]
[BlackElo "2170"]
[PlyCount "86"]
[EventDate "2012.11.13"]
[EventType "swiss"]
[EventRounds "11"]
[EventCountry "GRE"]
[SourceTitle "CBM 151 Extra"]
[Source "ChessBase"]
[SourceDate "2012.12.18"]
[SourceVersion "1"]
[SourceVersionDate "2012.12.18"]
[SourceQuality "1"]

1. e4 c5 2. Nf3 d6 3. d4 Nf6 4. Nc3 cxd4 5. Nxd4 e6 6. g4 e5 7. Bb5+ Bd7 8. Bxd7+ Qxd7 9. Nf5 h5 10. f3 hxg4 11. fxg4 Rh3 12. Bg5 Rxc3 13. Bxf6 Rc4 14. Bxg7 Rxe4+ 15. Kf2 Rf4+ 16. Kg3 Rxf5 17. Bxf8 Rf6 18. g5 Rg6 19. Bh6 Nc6 20. Rf1 Nd4 21. Qd3 f5 22. Kg2 Qc6+ 23. Kh3 Qxc2 24. Qxc2 Nxc2 25. Rac1 Ne3 26. Rf3 f4 27. Rc7 Rd8 28. Kh4 Rd7 29. Rc8+ Rd8 30. Rxd8+ Kxd8 31. Kh5 Re6 32. g6 Nd5 33. Bg5+ Ke8 34. Kh6 Ne7 35. Bxe7 Kxe7 36. Kg7 Rf6 37. h4 e4 38. Rc3 e3 39. Rc7+ Ke6 40. h5 e2 41. Rc1 f3 42. Kh7 f2 43. g7 Rf7 0-1

[Event "Wch Seniors 22nd"]
[Site "Kamena Vourla"]
[Date "2012.11.13"]
[Round "1"]
[White "Sasu Ducsoara, Adrian"]
[Black "Rave, Avraham"]
[Result "1-0"]
[WhiteElo "2170"]
[BlackElo "1838"]
[PlyCount "67"]
[EventDate "2012.11.13"]
[EventType "swiss"]
[EventRounds "11"]
[EventCountry "GRE"]
[SourceTitle "CBM 151 Extra"]
[Source "ChessBase"]
[SourceDate "2012.12.18"]
[SourceVersion "1"]
[SourceVersionDate "2012.12.18"]
[SourceQuality "1"]

1. e4 c5 2. Nf3 d6 3. c3 Nf6 4. Be2 e6 5. 0-0 Be7 6. Re1 0-0 7. Bf1 Nbd7 8. d4 e5 9. Nbd2 cxd4 10. cxd4 exd4 11. Nxd4 g6 12. N2b3 Ne5 13. h3 a6 14. Bh6 Re8 15. f4 Nc6 16. Kh2 Nh5 17. g4 Ng7 18. Rc1 Nxd4 19. Nxd4 Bf6 20. b3 b5 21. Nc6 Qb6 22. Bg2 Bh4 23. Re2 Bb7 24. Qxd6 Kh8 25. Ne5 Re6 26. Nxf7+ Kg8 27. Qxb6 Rxb6 28. Rc7 Ne6 29. Rxb7 Rxb7 30. Nd6 Rc7 31. e5 Rd8 32. Bd5 Re7 33. f5 Kh8 34. Bxe6 1-0

[Event "ROM-chT"]
[Site "Sovata"]
[Date "2000.04.13"]
[Round "1"]
[White "Cosma, Elena Luminita"]
[Black "Sasu Ducsoara, Adrian"]
[Result "1-0"]
[WhiteElo "2360"]
[BlackElo "2305"]
[PlyCount "125"]
[EventDate "2000.04.13"]
[EventType "team"]
[EventRounds "5"]
[EventCountry "ROU"]
[SourceTitle "EXT 2001"]
[Source "ChessBase"]
[SourceDate "2000.11.22"]
[SourceVersion "1"]
[SourceVersionDate "2000.11.22"]
[SourceQuality "1"]

1. d4 Nf6 2. Nf3 g6 3. g3 d5 4. Bg2 Bg7 5. 0-0 0-0 6. c4 dxc4 7. Na3 c3 8. bxc3 c5 9. e3 Nc6 10. Qe2 Bf5 11. Rd1 Be4 12. Bb2 Qb6 13. Nc4 Qa6 14. Bf1 Rfd8 15. Nfd2 Bc2 16. Rdc1 Ba4 17. Qf3 b5 18. Na3 c4 19. Rab1 Rac8 20. Ba1 Ne5 21. dxe5 Rxd2 22. exf6 Bxf6 23. Rb2 Rcd8 24. Rxd2 Rxd2 25. Qf4 e5 26. Qe4 Rxa2 27. Nxc4 bxc4 28. Qxc4 Qxc4 29. Bxc4 Rd2 30. Kf1 e4 31. Ke1 Rd7 32. Be2 Rc7 33. c4 Bxa1 34. Rxa1 Bb3 35. Ra3 Bc2 36. Kd2 Bb1 37. Ra1 Rd7+ 38. Kc3 Bd3 39. Rd1 Kf8 40. Bxd3 exd3 41. Rxd3 Rc7 42. Rd6 Ke7 43. Ra6 h5 44. h4 Kd7 45. Kb4 Kc8 46. Rf6 Kb7 47. Kb5 Rd7 48. c5 Re7 49. e4 Kc7 50. e5 Kb7 51. f4 Kc8 52. f5 Rxe5 53. fxg6 fxg6 54. Kc6 Kd8 55. Rxg6 Re3 56. Rg8+ Ke7 57. Rg7+ Ke6 58. Rxa7 Rxg3 59. Rh7 Ra3 60. Rxh5 Rc3 61. Rd5 Rh3 62. h5 Ke7 63. Kc7 1-0

[Event "Pyramiden Franken Cup 2nd"]
[Site "Fuerth"]
[Date "1999.08.23"]
[Round "3"]
[White "Sasu Ducsoara, Adrian"]
[Black "Sebastian, Dirk"]
[Result "0-1"]
[WhiteElo "2305"]
[BlackElo "2306"]
[PlyCount "75"]
[EventDate "1999.08.21"]
[EventType "swiss"]
[EventRounds "9"]
[EventCountry "GER"]
[SourceTitle "EXT 2000"]
[Source "ChessBase"]
[SourceDate "1999.11.16"]
[SourceVersion "1"]
[SourceVersionDate "1999.11.16"]
[SourceQuality "1"]

1. e4 c5 2. Nf3 Nc6 3. Bb5 Na5 4. d4 cxd4 5. 0-0 e6 6. Nxd4 Qc7 7. Bd3 a6 8. Kh1 Nf6 9. Qe2 d6 10. c4 Be7 11. Nc3 0-0 12. Be3 Bd7 13. Rac1 Rac8 14. b4 Nc6 15. b5 Ne5 16. b6 Qb8 17. f4 Nxd3 18. Qxd3 Rfd8 19. Bg1 Be8 20. f5 d5 21. cxd5 exd5 22. Nxd5 Nxd5 23. Rxc8 Qxc8 24. exd5 Rxd5 25. Qe4 Qd8 26. Re1 Kf8 27. f6 Bxf6 28. Qxh7 g6 29. Be3 Rh5 30. Bh6+ Rxh6 31. Qxh6+ Bg7 32. Ne6+ fxe6 33. Rf1+ Kg8 34. Qf4 Qxb6 35. h4 Qd4 36. Qg3 Qe5 37. Qg4 Kh7 38. Rd1 0-1